Khoa học thông tin trong công tác quản lý /
Vai trò của hệ thống thông tin và kiểm soát trong các tổ chức; Cách cư xử trong các công việc thuộc hệ thống kiểm soát; Hệ thống kiểm soát và việc đưa ra quyết định; Đánh giá một tổ chức nhân sự; Việc thiết kế hệ thống kiểm soát có hiệu quả....
Đã lưu trong:
| Andre forfattere: | |
|---|---|
| Format: | Bog |
| Sprog: | Vietnamese |
| Udgivet: |
Hải Phòng :
Nxb Hải Phòng,
2003.
|
| Fag: | |
| Tags: |
Tilføj Tag
Ingen Tags, Vær først til at tagge denne postø!
|
| Thư viện lưu trữ: | Mạng thư viện Đại học Đà Nẵng |
|---|
| LEADER | 01455cam a2200349 a 4500 | ||
|---|---|---|---|
| 001 | 000043969 | ||
| 003 | 2116 | ||
| 005 | 20060424094039.0 | ||
| 008 | 010217b2003 vm 000 vie | ||
| 020 | |c 24500 | ||
| 040 | |a LRC |c LRC |d LRC | ||
| 041 | 0 | |a vie | |
| 082 | 1 | 4 | |a 658.403 |b Kh-H |
| 245 | 0 | 0 | |a Khoa học thông tin trong công tác quản lý / |c Lê Ngọc Hưởng biên soạn. |
| 260 | |a Hải Phòng : |b Nxb Hải Phòng, |c 2003. | ||
| 300 | |a 205 tr. ; |c 20,5 cm. | ||
| 520 | 3 | |a Vai trò của hệ thống thông tin và kiểm soát trong các tổ chức; Cách cư xử trong các công việc thuộc hệ thống kiểm soát; Hệ thống kiểm soát và việc đưa ra quyết định; Đánh giá một tổ chức nhân sự; Việc thiết kế hệ thống kiểm soát có hiệu quả. | |
| 630 | 0 | 4 | |a Khoa học thông tin. |
| 650 | 0 | 4 | |a Quản lý |x Khoa học thông tin. |
| 700 | 1 | |a Lê Ngọc Hưởng, |e biên soạn. | |
| OWN | |a DUT | ||
| AVA | |a UDN50 |b DUT |c Book |d 658.403 Kh-H |e available |t Error 5001 Not defined in file expand_doc_bib_avail. |f 5 |g 0 |h N |i 0 |j SH |k 1 | ||
| 999 | |a From the UDN01 | ||
| AVA | |a UDN50 |b DUT |c Book |d 658.403 Kh-H |e available |t Error 5001 Not defined in file expand_doc_bib_avail. |f 5 |g 0 |h N |i 0 |j SH |k 1 | ||
| TYP | |a Monograph | ||
| TYP | |a Printed language | ||
| 980 | |a Mạng thư viện Đại học Đà Nẵng | ||